[Event "Benasque op 43rd"]
[Site "Benasque"]
[Date "2024.07.08"]
[Round "4"]
[White "Kenbeilov, Timur"]
[Black "Rubio Doblas, Francisco Javier"]
[Result "1-0"]
[WhiteElo "2177"]
[BlackElo "1969"]
[PlyCount "115"]
[EventDate "2024.07.05"]
[EventType "swiss"]
[EventRounds "10"]
[EventCountry "ESP"]
[SourceTitle "CBM 221 Extra"]
[Source "ChessBase"]
[SourceDate "2024.09.30"]
[SourceVersion "1"]
[SourceVersionDate "2024.09.30"]
[SourceQuality "1"]

1. d4 Nf6 2. c4 e6 3. g3 c5 4. d5 exd5 5. cxd5 d6 6. Bg2 g6 7. Nc3 Bg7 8. Nf3 0-0 9. 0-0 Re8 10. Bf4 Ne4 11. Nxe4 Rxe4 12. Nd2 Rxf4 13. gxf4 Bxb2 14. Rb1 Bg7 15. Re1 Nd7 16. Nc4 Qf6 17. Qd2 b5 18. Na5 Qc3 19. Nb3 a5 20. Rec1 Qxd2 21. Nxd2 Ba6 22. Ne4 Bf8 23. e3 b4 24. Bf1 a4 25. Bxa6 Rxa6 26. Kf1 Nb6 27. Rd1 a3 28. Nf6+ Kh8 29. Rd2 Bg7 30. Ne4 Na4 31. Rc1 f5 32. Ng5 Bb2 33. Rcc2 Rb6 34. Rc4 Bf6 35. Ne6 Kg8 36. f3 Nb2 37. Rc1 Kf7 38. Nxc5 dxc5 39. Rxc5 Bc3 40. Rc7+ Ke8 41. Rg2 h5 42. Ke2 Kd8 43. Ra7 Rd6 44. e4 fxe4 45. fxe4 Nc4 46. Kd3 Nb6 47. Kc2 Nc4 48. Re2 Ke8 49. Rc7 Nb6 50. Kb3 Kd8 51. Ra7 Nd7 52. Kc4 Rf6 53. d6 Rxd6 54. e5 Rd4+ 55. Kb5 Nxe5 56. fxe5 Rd5+ 57. Kc6 Rxe5 58. Kd6 1-0

[Event "Andalucia-chT Honor Oriental"]
[Site "Andalucia"]
[Date "2018.10.07"]
[Round "2.39"]
[White "Rubio Doblas, Francisco Javier"]
[Black "Terron Elena, Francisco Miguel"]
[Result "1/2-1/2"]
[WhiteElo "2057"]
[BlackElo "2210"]
[PlyCount "76"]
[EventDate "2018.09.30"]
[EventType "team-tourn"]
[EventRounds "7"]
[EventCountry "ESP"]
[SourceTitle "EXT 2020"]
[Source "ChessBase"]
[SourceDate "2019.10.17"]
[SourceVersion "1"]
[SourceVersionDate "2019.10.17"]
[SourceQuality "1"]
[WhiteTeam "Miraflores Smartick"]
[BlackTeam "La Trocha Coin"]
[WhiteTeamCountry "ESP"]
[BlackTeamCountry "ESP"]

1. e4 e6 2. d4 d5 3. Nd2 Be7 4. Ngf3 c5 5. exd5 exd5 6. Bb5+ Nc6 7. dxc5 Bxc5 8. 0-0 Nge7 9. Nb3 Bb6 10. Bf4 0-0 11. c3 Bf5 12. Nfd4 Bd7 13. Be2 Nxd4 14. Nxd4 Nf5 15. Nxf5 Bxf5 16. Bf3 Be4 17. Bxe4 dxe4 18. Qxd8 Raxd8 19. Rfd1 f6 20. Kf1 Kf7 21. Ke2 a6 22. Bd6 Rfe8 23. c4 Rc8 24. Rac1 Bc5 25. Bxc5 Rxc5 26. Rd7+ Re7 27. Rxe7+ Kxe7 28. b4 Rc7 29. c5 Ke6 30. Rd1 Ke5 31. Ke3 f5 32. g3 g5 33. f4+ exf3 34. Kxf3 h6 35. Rd6 Rc6 36. Rd8 a5 37. a3 axb4 38. axb4 b6 1/2-1/2

[Event "Andalucia-chT Honor Oriental"]
[Site "Andalucia"]
[Date "2018.09.30"]
[Round "1.29"]
[White "Moreno Lopez, Avelino"]
[Black "Rubio Doblas, Francisco Javier"]
[Result "1/2-1/2"]
[WhiteElo "1788"]
[BlackElo "2057"]
[PlyCount "121"]
[EventDate "2018.09.30"]
[EventType "team-tourn"]
[EventRounds "7"]
[EventCountry "ESP"]
[SourceTitle "EXT 2020"]
[Source "ChessBase"]
[SourceDate "2019.10.17"]
[SourceVersion "1"]
[SourceVersionDate "2019.10.17"]
[SourceQuality "1"]
[WhiteTeam "Roquetas"]
[BlackTeam "Miraflores Smartick"]
[WhiteTeamCountry "ESP"]
[BlackTeamCountry "ESP"]

1. d4 Nf6 2. c4 e6 3. Nf3 b6 4. g3 Ba6 5. b3 Bb4+ 6. Bd2 Bxd2+ 7. Nbxd2 d5 8. Qc2 Nbd7 9. Bg2 0-0 10. 0-0 Rc8 11. b4 dxc4 12. Qa4 Nb8 13. b5 Qe8 14. Rab1 c5 15. Nxc4 Ne4 16. Qb3 Bb7 17. Rbd1 Bd5 18. Nfe5 Qe7 19. Qa3 f6 20. Bxe4 Bxe4 21. Nd3 Rfd8 22. f3 Bxd3 23. Rxd3 Qc7 24. dxc5 Rxd3 25. Qxd3 Qxc5+ 26. Ne3 Nd7 27. Kg2 Ne5 28. Qb3 Nc4 29. Nxc4 Qxc4 30. Qxc4 Rxc4 31. Rd1 Ra4 32. Rd2 Kf7 33. Kf2 Ke7 34. Ke3 h5 35. Rc2 g5 36. Kd3 Kd6 37. e4 Rb4 38. f4 Rxb5 39. Rf2 Ra5 40. Kc3 Ra4 41. e5+ Ke7 42. Kb3 Ra5 43. Rc2 gxf4 44. gxf4 Kf7 45. Rc6 fxe5 46. fxe5 Ke7 47. Rc7+ Kd8 48. Rh7 Rxe5 49. Rxa7 Rd5 50. Rb7 Rb5+ 51. Kc3 Kc8 52. Re7 Re5 53. Kd3 Ra5 54. Rxe6 Rxa2 55. Rxb6 Rxh2 56. Rh6 Kd7 57. Ke4 Ke7 58. Kf5 Kf7 59. Kg5 Kg7 60. Rxh5 Rxh5+ 61. Kxh5 1/2-1/2

[Event "Malaga Region-ch"]
[Site "Malaga"]
[Date "2013.01.27"]
[Round "7"]
[White "Miguel, Angel Viera"]
[Black "Rubio Doblas, Francisco Javier"]
[Result "0-1"]
[WhiteElo "1862"]
[BlackElo "2047"]
[PlyCount "66"]
[EventDate "2013.01.12"]
[EventType "swiss"]
[EventRounds "9"]
[EventCountry "ESP"]
[SourceTitle "CBM 152 Extra"]
[Source "ChessBase"]
[SourceDate "2013.02.25"]
[SourceVersion "1"]
[SourceVersionDate "2013.02.25"]
[SourceQuality "1"]

1. e4 c5 2. Nc3 Nc6 3. f4 e6 4. Nf3 a6 5. a4 g6 6. Bc4 Bg7 7. f5 Nge7 8. fxe6 dxe6 9. 0-0 0-0 10. d3 Nd4 11. Bg5 h6 12. Bh4 Bd7 13. Nxd4 Bxd4+ 14. Kh1 Bc6 15. Bf6 Bxf6 16. Rxf6 Kg7 17. Rf4 Qd6 18. Qg4 f5 19. Qg3 b5 20. Ba2 b4 21. Ne2 e5 22. Rff1 fxe4 23. Bc4 Nf5 24. Qh3 Nd4 25. Nxd4 exd4 26. dxe4 Bxe4 27. c3 bxc3 28. bxc3 Rab8 29. Rxf8 Rxf8 30. Rf1 Rxf1+ 31. Bxf1 d3 32. Qg4 d2 33. Be2 h5 0-1

[Event "Malaga Region-ch"]
[Site "Malaga"]
[Date "2013.01.20"]
[Round "5"]
[White "Ramos Moreno, Francisco Jose"]
[Black "Rubio Doblas, Francisco Javier"]
[Result "1/2-1/2"]
[WhiteElo "2109"]
[BlackElo "2047"]
[PlyCount "82"]
[EventDate "2013.01.12"]
[EventType "swiss"]
[EventRounds "9"]
[EventCountry "ESP"]
[SourceTitle "CBM 152 Extra"]
[Source "ChessBase"]
[SourceDate "2013.02.25"]
[SourceVersion "1"]
[SourceVersionDate "2013.02.25"]
[SourceQuality "1"]

1. b4 Nf6 2. Bb2 e6 3. b5 a6 4. a4 axb5 5. axb5 Rxa1 6. Bxa1 c5 7. c4 d5 8. e3 Bd6 9. Nf3 Nbd7 10. d3 0-0 11. Be2 Qc7 12. Nbd2 b6 13. h3 Bb7 14. 0-0 Rd8 15. Qb1 Ne5 16. Rc1 Nxf3+ 17. Bxf3 Qe7 18. Bb2 Nd7 19. cxd5 exd5 20. Qa2 Ne5 21. Bxe5 Bxe5 22. Qa7 Qc7 23. Qa4 Bf6 24. Qg4 Qd7 25. Qxd7 Rxd7 26. Rc2 Rd8 27. Ra2 Ra8 28. Rxa8+ Bxa8 29. e4 Bg5 30. Nb1 c4 31. exd5 cxd3 32. Kf1 Kf8 33. Ke1 Ke8 34. Nc3 Kd7 35. Na4 Bd8 36. Kd2 Kd6 37. Nc3 f5 38. Kxd3 Kc5 39. g4 g6 40. gxf5 gxf5 41. Bh5 Bf6 1/2-1/2

[Event "RM-2012-0-00103"]
[Site "LSS email"]
[Date "2012.08.05"]
[Round "?"]
[White "Rubio Doblas, Francisco Javier"]
[Black "Almeida, Ramiro da Costa"]
[Result "1/2-1/2"]
[WhiteElo "2270"]
[BlackElo "2235"]
[PlyCount "48"]
[EventDate "2012.06.12"]
[EventType "tourn (corr)"]
[EventRounds "6"]
[EventCountry "GER"]
[SourceTitle "Telechess CBM 165"]
[Source "ChessBase"]
[SourceDate "2015.03.11"]
[SourceVersion "1"]
[SourceVersionDate "2015.03.11"]
[SourceQuality "1"]

1. e4 c5 2. Nf3 d6 3. d4 cxd4 4. Nxd4 Nf6 5. Nc3 a6 6. Be3 e6 7. f3 b5 8. g4 b4 9. Nce2 h6 10. Qd2 e5 11. Nb3 a5 12. Ng3 a4 13. Nc1 Qa5 14. Bc4 Be6 15. Bxe6 fxe6 16. Nd3 Nc6 17. 0-0 Be7 18. Rfc1 0-0 19. c3 Qb5 20. cxb4 Nh7 21. Kg2 Bg5 22. Rc3 Bxe3 23. Qxe3 Nxb4 24. Nxb4 Qxb4 1/2-1/2

[Event "RM-2012-0-00103"]
[Site "LSS email"]
[Date "2012.08.04"]
[Round "?"]
[White "Rubio Doblas, Francisco Javier"]
[Black "Silva Filho, Alcindo Luz Bastos"]
[Result "1/2-1/2"]
[WhiteElo "2270"]
[BlackElo "2115"]
[PlyCount "95"]
[EventDate "2012.06.12"]
[EventType "tourn (corr)"]
[EventRounds "6"]
[EventCountry "GER"]
[SourceTitle "Telechess CBM 165"]
[Source "ChessBase"]
[SourceDate "2015.03.11"]
[SourceVersion "1"]
[SourceVersionDate "2015.03.11"]
[SourceQuality "1"]

1. e4 c5 2. Nf3 Nc6 3. d4 cxd4 4. Nxd4 e6 5. Nc3 Qc7 6. Be3 a6 7. Qd2 Nf6 8. 0-0-0 Bb4 9. f3 Ne5 10. Nb3 b5 11. Qe1 Be7 12. f4 Ng6 13. e5 Ng4 14. Ne4 0-0 15. Bc5 Bb7 16. h3 Nh6 17. Bxe7 Nxe7 18. Bd3 Nd5 19. Qd2 f6 20. exf6 Nxf6 21. Rhe1 Nf5 22. Nec5 Ne7 23. Nxb7 Qxb7 24. Kb1 Qc7 25. g3 Rae8 26. c3 Ned5 27. Bc2 Rb8 28. f5 exf5 29. g4 Nb6 30. Bxf5 Rbe8 31. Qd4 h6 32. h4 Nc4 33. g5 Rxe1 34. Rxe1 Qg3 35. Qg1 Qxg1 36. Rxg1 hxg5 37. hxg5 Ne8 38. Bxd7 Ned6 39. Be6+ Kh7 40. Nc5 Rf2 41. Nd3 Rd2 42. Rg3 Rh2 43. a3 Nd2+ 44. Ka1 N2c4 45. a4 Rh4 46. axb5 axb5 47. Rg2 Kg6 48. Bd7 1/2-1/2

[Event "RM-2012-0-00103"]
[Site "LSS email"]
[Date "2012.08.04"]
[Round "?"]
[White "Rubio Doblas, Francisco Javier"]
[Black "Teverovski, Bogoljub"]
[Result "1-0"]
[WhiteElo "2270"]
[BlackElo "2132"]
[PlyCount "93"]
[EventDate "2012.06.12"]
[EventType "tourn (corr)"]
[EventRounds "6"]
[EventCountry "GER"]
[SourceTitle "Telechess CBM 165"]
[Source "ChessBase"]
[SourceDate "2015.03.11"]
[SourceVersion "1"]
[SourceVersionDate "2015.03.11"]
[SourceQuality "1"]

1. e4 c5 2. Nf3 Nc6 3. d4 cxd4 4. Nxd4 e5 5. Nb5 d6 6. N1c3 a6 7. Na3 b5 8. Nd5 Nce7 9. c4 Nxd5 10. exd5 bxc4 11. Nxc4 Nf6 12. Be3 Rb8 13. Be2 Be7 14. a4 0-0 15. 0-0 Bb7 16. Nb6 Nd7 17. a5 f5 18. f3 Rf7 19. Kh1 Bg5 20. Bg1 Bf4 21. b4 Nxb6 22. axb6 Qg5 23. Ra3 Bd2 24. Qb1 g6 25. Qb3 f4 26. Rd1 Be3 27. Bxe3 fxe3 28. g3 h5 29. Qxe3 Qxe3 30. Rxe3 Bc8 31. Rc1 Bd7 32. Ra1 Rxb6 33. Rxa6 Rxa6 34. Bxa6 Rf8 35. Rc3 Rb8 36. Rc7 Ba4 37. Rc8+ Rxc8 38. Bxc8 Kf7 39. Bb7 Ke7 40. Bc6 Bd1 41. Kg2 Bc2 42. Kf2 Kd8 43. h4 Bf5 44. Ke3 Kc7 45. Bb5 Bc2 46. g4 Bb1 47. Bd3 1-0

[Event "RM-2012-0-00103"]
[Site "LSS email"]
[Date "2012.08.03"]
[Round "?"]
[White "Simmelink, Joop Theo"]
[Black "Rubio Doblas, Francisco Javier"]
[Result "1-0"]
[WhiteElo "2308"]
[BlackElo "2270"]
[PlyCount "45"]
[EventDate "2012.06.12"]
[EventType "tourn (corr)"]
[EventRounds "6"]
[EventCountry "GER"]
[SourceTitle "Telechess CBM 165"]
[Source "ChessBase"]
[SourceDate "2015.03.11"]
[SourceVersion "1"]
[SourceVersionDate "2015.03.11"]
[SourceQuality "1"]

1. e4 c5 2. Nf3 Nc6 3. d4 cxd4 4. Nxd4 Nf6 5. Nc3 d6 6. Bg5 e6 7. Qd2 Be7 8. 0-0-0 Nxd4 9. Qxd4 0-0 10. f3 a6 11. h4 b5 12. Kb1 Rb8 13. Qd2 b4 14. Ne2 a5 15. Nd4 Bd7 16. g4 a4 17. Be3 Ne8 18. g5 Nc7 19. h5 Nb5 20. Bxb5 Bxb5 21. g6 Qd7 22. Rdg1 Rfc8 23. Nf5 1-0

[Event "Malaga-ch"]
[Site "Malaga"]
[Date "2012.01.15"]
[Round "3"]
[White "Perez Tores, Juan Miguel"]
[Black "Rubio Doblas, Francisco Javier"]
[Result "0-1"]
[WhiteElo "1753"]
[BlackElo "2066"]
[PlyCount "68"]
[EventDate "2012.01.14"]
[EventType "swiss"]
[EventRounds "9"]
[EventCountry "ESP"]
[SourceTitle "CBM 146 Extra"]
[Source "ChessBase"]
[SourceDate "2012.02.29"]
[SourceVersion "1"]
[SourceVersionDate "2012.02.29"]
[SourceQuality "1"]

1. e4 c5 2. Nf3 d6 3. d4 cxd4 4. Nxd4 Nf6 5. Nc3 a6 6. Bg5 e6 7. Qd2 Be7 8. f4 Qc7 9. Be2 h6 10. Bxf6 Bxf6 11. 0-0-0 Nd7 12. Kb1 Nb6 13. g4 Bd7 14. h4 0-0-0 15. g5 Be7 16. Bg4 hxg5 17. hxg5 g6 18. f5 gxf5 19. exf5 exf5 20. Nxf5 Bxf5 21. Bxf5+ Kb8 22. g6 fxg6 23. Bxg6 Bf6 24. Rxh8 Bxh8 25. Nd5 Nxd5 26. Qxd5 Qg7 27. Qb3 Qxg6 28. a3 Rc8 29. Rd3 Be5 30. Qb6 Qg2 31. Rb3 Qxc2+ 32. Ka2 Qc6 33. Qb4 Qd5 34. a4 Rc4 0-1

[Event "LSS WC-2010-F-00004"]
[Site "LSS email"]
[Date "2010.11.17"]
[Round "?"]
[White "Rubio Doblas, Francisco Javier"]
[Black "Baumgartner, Ulrich"]
[Result "1/2-1/2"]
[WhiteElo "2280"]
[BlackElo "2235"]
[PlyCount "91"]
[EventDate "2010.11.23"]
[EventType "tourn (corr)"]
[EventRounds "10"]
[EventCountry "GER"]
[SourceTitle "Telechess CBM 155"]
[Source "ChessBase"]
[SourceDate "2013.07.16"]
[SourceVersion "1"]
[SourceVersionDate "2013.07.16"]
[SourceQuality "1"]

1. e4 c6 2. d4 d5 3. Nc3 dxe4 4. Nxe4 Bf5 5. Ng3 Bg6 6. h4 h6 7. Nf3 Nd7 8. h5 Bh7 9. Bd3 Bxd3 10. Qxd3 e6 11. Bd2 Ngf6 12. 0-0-0 Be7 13. Qe2 0-0 14. Nf1 Nb6 15. Kb1 Na4 16. b3 Nb6 17. g4 a5 18. g5 hxg5 19. h6 g6 20. a4 Nbd5 21. Ne5 Bb4 22. Kb2 Bxd2 23. Qxd2 Nf4 24. Ng3 Kh7 25. Ne2 N6h5 26. Ng4 b5 27. Nc3 Qe7 28. Ne5 Rfc8 29. Ng4 Rab8 30. Ne4 f5 31. Ngf6+ Kxh6 32. Nxg5 Qxf6 33. Rxh5+ gxh5 34. Nf3 Rb7 35. Qxf4+ Kg7 36. Rh1 bxa4 37. Rxh5 axb3 38. Rg5+ Kf8 39. Qd6+ Re7 40. Rg1 bxc2 41. Ne5 c1Q+ 42. Kxc1 Qh6+ 43. Kc2 Rce8 44. Rg6 Qh4 45. Nd7+ Kf7 46. Ne5+ 1/2-1/2

[Event "LSS RM-2009-0-00045"]
[Site "LSS email"]
[Date "2010.03.07"]
[Round "?"]
[White "Kuhne, Detlev"]
[Black "Rubio Doblas, Francisco Javier"]
[Result "1/2-1/2"]
[WhiteElo "2277"]
[BlackElo "2260"]
[PlyCount "90"]
[EventDate "2009.12.20"]
[EventType "tourn (corr)"]
[EventRounds "6"]
[EventCountry "GER"]
[SourceTitle "Telechess CBM 141"]
[Source "ChessBase"]
[SourceDate "2011.03.17"]
[SourceVersion "1"]
[SourceVersionDate "2011.03.17"]
[SourceQuality "1"]

1. e4 c5 2. Nf3 d6 3. d4 cxd4 4. Nxd4 Nf6 5. Nc3 a6 6. Be3 e5 7. Nb3 Be6 8. f3 Be7 9. Qd2 0-0 10. 0-0-0 Nbd7 11. g4 b5 12. g5 b4 13. Ne2 Ne8 14. f4 a5 15. f5 a4 16. Nbd4 exd4 17. Nxd4 b3 18. Kb1 bxc2+ 19. Nxc2 Bb3 20. axb3 axb3 21. Na3 Ne5 22. h4 Ra4 23. Bd4 Qa8 24. Qe3 Kh8 25. Bb5 Ra5 26. Bc3 Rxa3 27. bxa3 Qxa3 28. Rd2 Nc7 29. Qb6 b2 30. Bxb2 Qf3 31. Re1 Nxb5 32. Qxb5 Qf4 33. Rdd1 Qxh4 34. f6 gxf6 35. Qb7 Re8 36. gxf6 Qxf6 37. Qb5 Rg8 38. Rf1 Qe6 39. Qd5 Qxd5 40. Rxd5 f6 41. Rb5 Rg4 42. Rb7 Ng6 43. Bxf6+ Bxf6 44. Rxf6 Rxe4 45. Rxd6 Re7 1/2-1/2

[Event "LSS RM-2009-0-00045"]
[Site "LSS email"]
[Date "2010.03.07"]
[Round "?"]
[White "Rubio Doblas, Francisco Javier"]
[Black "Tavani, Alberto"]
[Result "0-1"]
[WhiteElo "2262"]
[BlackElo "2281"]
[PlyCount "74"]
[EventDate "2009.12.20"]
[EventType "tourn (corr)"]
[EventRounds "6"]
[EventCountry "GER"]
[SourceTitle "Telechess CBM 141"]
[Source "ChessBase"]
[SourceDate "2011.03.17"]
[SourceVersion "1"]
[SourceVersionDate "2011.03.17"]
[SourceQuality "1"]

1. e4 c6 2. d4 d5 3. Nc3 dxe4 4. Nxe4 Bf5 5. Ng3 Bg6 6. h4 h6 7. Nf3 Nd7 8. h5 Bh7 9. Bd3 Bxd3 10. Qxd3 e6 11. Bf4 Qa5+ 12. Bd2 Bb4 13. c3 Bd6 14. c4 Qc7 15. Ne4 Ngf6 16. Nxd6+ Qxd6 17. Rh4 0-0 18. 0-0-0 b5 19. Bf4 Qb4 20. c5 Qa4 21. Bd6 Qxa2 22. Bxf8 Rxf8 23. Nd2 Rd8 24. Qb3 Qa5 25. Kc2 Qc7 26. Rg1 Nd5 27. Ne4 e5 28. Qg3 Qa5 29. Kb1 b4 30. Qb3 Rb8 31. Qa2 Qd8 32. g3 exd4 33. Rd1 b3 34. Qa4 Ne5 35. Rhh1 Nf3 36. Nd6 Qe7 37. Qc4 Qf6 0-1

[Event "LSS WC-2011-S-00006"]
[Site "LSS email"]
[Date "2008.10.23"]
[Round "?"]
[White "Johansen, Svein Age"]
[Black "Rubio Doblas, Francisco Javier"]
[Result "1/2-1/2"]
[WhiteElo "2071"]
[BlackElo "2274"]
[PlyCount "75"]
[EventDate "2008.10.23"]
[EventType "tourn (corr)"]
[EventRounds "10"]
[EventCountry "GER"]
[SourceTitle "Corr 2011"]
[Source "ChessBase"]
[SourceDate "2010.08.31"]
[SourceVersion "1"]
[SourceVersionDate "2010.08.31"]
[SourceQuality "1"]

1. e4 c5 2. Nf3 d6 3. Bb5+ Bd7 4. Bxd7+ Qxd7 5. c4 Nc6 6. Nc3 Nf6 7. 0-0 g6 8. d4 cxd4 9. Nxd4 Bg7 10. Nde2 0-0 11. f3 a6 12. a4 e6 13. Bg5 Qc7 14. Kh1 Nd7 15. b3 Nc5 16. Rb1 Rfe8 17. Qc2 h6 18. Be3 Rac8 19. Rfd1 Red8 20. Qa2 Kh7 21. Qc2 Be5 22. b4 Nd7 23. Rdc1 Ne7 24. Qa2 Bg7 25. Nd1 Ne5 26. Nb2 N7c6 27. Qb3 b6 28. Rc2 a5 29. bxa5 bxa5 30. Nc3 Qe7 31. Nb5 Nd7 32. Rd2 Nc5 33. Qd1 Be5 34. g3 Nb4 35. Qe2 g5 36. Bxc5 dxc5 37. Rbd1 Bxb2 38. Rxb2 1/2-1/2

[Event "LSS WC-2011-S-00006"]
[Site "LSS email"]
[Date "2008.10.23"]
[Round "?"]
[White "Rubio Doblas, Francisco Javier"]
[Black "Enescu, Constantin"]
[Result "1/2-1/2"]
[WhiteElo "2271"]
[BlackElo "2268"]
[PlyCount "72"]
[EventDate "2008.10.23"]
[EventType "tourn (corr)"]
[EventRounds "10"]
[EventCountry "GER"]
[SourceTitle "Corr 2011"]
[Source "ChessBase"]
[SourceDate "2010.08.31"]
[SourceVersion "1"]
[SourceVersionDate "2010.08.31"]
[SourceQuality "1"]

1. e4 c5 2. Nf3 d6 3. d4 cxd4 4. Nxd4 Nf6 5. Nc3 a6 6. f3 e5 7. Nb3 Be6 8. Be3 Be7 9. Qd2 Nbd7 10. g4 0-0 11. 0-0-0 b5 12. g5 b4 13. Ne2 Ne8 14. f4 g6 15. Qxb4 a5 16. Qa4 Ng7 17. h4 Nb6 18. Bxb6 Qxb6 19. fxe5 Qe3+ 20. Kb1 Qf3 21. Rg1 dxe5 22. Nd2 Qe3 23. Rg3 Qc5 24. Nc1 Qf2 25. Rg2 Qxh4 26. Nd3 Bg4 27. Be2 Bxe2 28. Rxe2 Bxg5 29. Nc4 Bf4 30. Nb6 Rad8 31. Nd5 Ne6 32. Qxa5 Ra8 33. Qb4 Rfb8 34. Qd6 Rd8 35. Qb6 h5 36. b3 Rdb8 1/2-1/2

[Event "LSS WC-2011-S-00006"]
[Site "LSS email"]
[Date "2008.10.23"]
[Round "?"]
[White "Rubio Doblas, Francisco Javier"]
[Black "Felicio, Clairton"]
[Result "1-0"]
[WhiteElo "2265"]
[BlackElo "2314"]
[PlyCount "95"]
[EventDate "2008.10.23"]
[EventType "tourn (corr)"]
[EventRounds "10"]
[EventCountry "GER"]
[SourceTitle "Corr 2011"]
[Source "ChessBase"]
[SourceDate "2010.08.31"]
[SourceVersion "1"]
[SourceVersionDate "2010.08.31"]
[SourceQuality "1"]

1. e4 c5 2. Nf3 Nc6 3. d4 cxd4 4. Nxd4 Nf6 5. Nc3 e5 6. Ndb5 d6 7. Bg5 a6 8. Na3 b5 9. Bxf6 gxf6 10. Nd5 f5 11. Bd3 Be6 12. 0-0 Bxd5 13. exd5 Ne7 14. c3 Bg7 15. Qh5 e4 16. Bc2 0-0 17. Rae1 Qc8 18. Bb3 Re8 19. Kh1 Ng6 20. f4 exf3 21. Qxf3 f4 22. Rxe8+ Qxe8 23. Bd1 Qe3 24. Qxe3 fxe3 25. g3 Re8 26. Re1 Re5 27. Nc2 Ne7 28. Nb4 Nxd5 29. Nxa6 h5 30. h4 Rf5 31. Bb3 Bh6 32. Re2 Nb6 33. Kg2 Nc4 34. a4 Nd2 35. Bc2 Re5 36. a5 Nc4 37. b4 Re7 38. Bd3 d5 39. Bxc4 dxc4 40. Kf3 Rd7 41. Nb8 Rd1 42. Nc6 Rf1+ 43. Kg2 Rc1 44. a6 Ra1 45. a7 Ra6 46. Kf3 Kg7 47. Rxe3 Bxe3 48. Kxe3 1-0

[Event "LSS WC-2011-S-00006"]
[Site "LSS email"]
[Date "2008.10.23"]
[Round "?"]
[White "Rubio Doblas, Francisco Javier"]
[Black "Skeels, Jim"]
[Result "1/2-1/2"]
[WhiteElo "2265"]
[BlackElo "2256"]
[PlyCount "52"]
[EventDate "2008.10.23"]
[EventType "tourn (corr)"]
[EventRounds "10"]
[EventCountry "GER"]
[SourceTitle "Corr 2011"]
[Source "ChessBase"]
[SourceDate "2010.08.31"]
[SourceVersion "1"]
[SourceVersionDate "2010.08.31"]
[SourceQuality "1"]

1. e4 c5 2. Nf3 d6 3. d4 cxd4 4. Nxd4 Nf6 5. Nc3 a6 6. f3 e6 7. Be3 b5 8. Qd2 Nbd7 9. g4 Nb6 10. a4 Nc4 11. Bxc4 bxc4 12. a5 Bb7 13. Na4 d5 14. e5 Nd7 15. f4 Qh4+ 16. Bf2 Qxg4 17. Rg1 Qh5 18. Rg5 Qxh2 19. 0-0-0 h6 20. Rgg1 g5 21. f5 0-0-0 22. fxe6 fxe6 23. Nxe6 Re8 24. Nd4 Qf4 25. Qxf4 gxf4 26. e6 Nc5 1/2-1/2